Les chanteurs préférés des français - Statistiques

Statistiques générales
  • Ce quiz a été pris 240 fois
  • Le résultat moyen est 6 sur 30
Statistiques - réponses
Réponses % Correct
1 Jean-Jacques Goldman
56%
11 Patrick Bruel
44%
3 Florent Pagny
40%
7 Céline Dion
39%
12 Vianney
37%
6 Soprano
34%
18 Michel Sardou
31%
14 Pascal Obispo
29%
23 Slimane
29%
4 Francis Cabrel
27%
9 Renaud
22%
28 Angèle
21%
2 Indochine
21%
5 Stromae
20%
17 Julien Doré
19%
16 Calogero
18%
22 Alain Souchon
15%
15 Eddy Mitchell
13%
8 Mylène Farmer
13%
21 Jean-Louis Aubert
10%
27 Laurent Voulzy
10%
25 Julien Clerc
9%
30 Jacques Dutronc
8%
19 Kenji Girac
7%
24 Michel Polnareff
6%
20 Claudio Capéo
5%
13 David Guetta
5%
10 Grand Corps Malade
3%
26 Louis Bertignac
2%
29 Big Flo & Oli
1%
Aucun quiz correspondant
Distribution des résultats
% des personnes avec chaque résultat
Percentile par nombre de réponses
Votre historique - résultats
Vous n’avez pas pris ce quiz